000 00301nam a2200145Ia 4500
100 _aBergin/J
942 _cBK
654 _aData Abstraction
245 _aData Abstraction
260 _bMc Graw Hill
_aNew york
_c1994
082 _a5.73
_bBER
300 _a666
546 _aENGLISH
999 _c27764
_d27764